Normal view MARC view
  • Kolhe Samruddhi-2K211058 & Dr. Suvarna Dhamdhere – Guide

Entry Personal Name

Number of records used in: 1

001 - CONTROL NUMBER

  • control field: 208174

003 - CONTROL NUMBER IDENTIFIER

  • control field: OSt

005 - DATE AND TIME OF LATEST TRANSACTION

  • control field: 20240809151205.0

008 - FIXED-LENGTH DATA ELEMENTS

  • fixed length control field: 240809|| aca||aabn | a|a d

040 ## - CATALOGING SOURCE

  • Original cataloging agency: OSt
  • Transcribing agency: OSt

100 ## - HEADING--PERSONAL NAME

  • Personal name: Kolhe Samruddhi-2K211058 & Dr. Suvarna Dhamdhere – Guide

670 ## - SOURCE DATA FOUND

  • Source citation: Work cat.: (OSt)359410: Kolhe Samruddhi-2K211058 & Dr. Suvarna Dhamdhere – Guide , A Study of Business Analysis of Media and Entertainment Market Using Power BI at SKYQUEST Technology, March-2023